000 00601nam a22002057a 4500
999 _c10594
_d10594
003 AR-CdUCM
008 190401b ||||| |||| 00| 0 eng d
040 _aMUNICIPALIDAD PROVINCIAL DEL CUSCO
_cBIBLIOTECA MUNICIPAL DEL CUSCO
041 _h978-1-4063-1301-7
082 _aEP / 803 /
_bJ52
100 _aJenkins, Martin
_927548
245 _aThe Emperor“s Egg /
260 _ad
_bWalker books,
_c2008.
300 _a31 paginas ;
_bIlustraciones
_c27 cm.
505 _aContenido :Cuento /
650 _aLiteratura Americana
_912159
650 _aCuento
_94671
942 _2ddc
_cPP
945 _arjall